El fin de la violencia : Widescreen = The End of Violence : Widescreen /

Un productor de cine construye su fortuna a partir de explotar la violencia en el cine; dos hombres que lo secuestran mueren de manera violenta. Por otro lado, un científico trabaja en un proyecto para poner fin a la violencia a través de monitores colocados en sitios estratégicos que permitan regis...

Descripción completa

Guardado en:
Detalles Bibliográficos
Autor principal: Wenders, Wim (realización)
Otros autores: Klein, Nicholas (guión) (guión), Rabaud, Pascal (fotógrafo) (fotógrafo), Przygodda, Peter (montaje) (montaje), Cooder, Ry (música) (música), Pullman, Bill (actuación) (actuación), MacDowell, Andie (actuación) (actuación), Byrne, Gabriel (actuación) (actuación)
Formato: Audiovisual
Idioma:Inglés
Publicado: Francia : Berlín, Alemania : Ciby 2000 ; Road Movies, 1997, c1997
Temas:
Etiquetas: Agrega una etiqueta
Sin etiquetas, Sé el primero en etiquetar este registro!

MARC

LEADER 00000ngm^a2200000^a^4500
001 000312051
005 20251020000000.0
009 20260310113104.182
020 |a 0-7928-4400-9 
037 |a Acervo ITESO - Biblioteca 
041 |a ING 
082 |a 830.  |b WEN 
100 |a Wenders, Wim  |e (realización) 
240 1 4 |a [El final de la violencia] 
245 1 3 |a El fin de la violencia :  |b Widescreen = The End of Violence : Widescreen /  |c Realización de W. Wenders. 
246 2 |a Título de exhibición cinematográfica en México: El final de la violencia 
246 2 |a Título en la cubierta: The End of Violence 
264 4 |a Francia :  |b Ciby 2000 ;  |a Berlín, Alemania :  |b Road Movies,  |c 1997, c1997 
264 2 |a Santa Mónica, EUA :  |b Metro-Goldwyn-Mayer [distribución],  |c 2000, c2000 
300 |a 1 DVD sin dato de región  |c (122 min.) +  |e 1 díptico 
336 |a imagen móvil bidimensional  |b tdi  |2 rdacontenido 
337 |a video  |b v  |2 rdamedio 
338 |a videodisco  |b vd  |2 rdasoporte 
520 |a Un productor de cine construye su fortuna a partir de explotar la violencia en el cine; dos hombres que lo secuestran mueren de manera violenta. Por otro lado, un científico trabaja en un proyecto para poner fin a la violencia a través de monitores colocados en sitios estratégicos que permitan registar los actos delictivos. Aparentemente, de esta manera se captó la muerte de los secuestradores, pero las imágenes son borrosas y difíciles de interpretar. 
520 |a Suplementos y características especiales: 1) Opción de reproducir la película en formato de pantalla ancha (widescreen) o en formato de pantalla completa (fullscreen); 2) Avance cinematográfico original (2 min. y medio; en inglés, sin subtítulos o traducción) y 3) Folleto con notas de producción (en inglés). 
545 0 |a Nacido en 1945 en Düsseldorf, Wim Wenders es uno de los principales autores surgidos dentro del movimiento del nuevo cine alemán, desarrollado durante las décadas de 1960 y 1970. Tras abandonar sus estudios en Medicina y en Filosofía, el futuro director de cine pasa un año en París, que dedica a aprender la técnica del grabado y a ver películas en la célebre Cinemateca de la capital francesa, e ingresa en 1967 a la Escuela de Cine y Televisión de Munich, a la que posteriormente ha vuelto como docente. Durante los años 1967-1970 escribe crítica de cine, dirige varios cortometrajes y transforma su práctica de fin de carrera en su primer largometraje, Summer in the City (1970). Alcanza el reconocimiento internacional con los filmes Alicia en las ciudades (1973), Falso movimiento (1974) y En el transcurso del tiempo (1975. Premio de la Crítica Internacional en el Festival de Cannes de 1976). El cortometraje Drei Amerikanische LP's (1969) demarca, por su parte, el inicio de una colaboración estrecha con el escritor Peter Handke, que ha proseguido en títulos como El miedo del portero ante el penalty (1971) y Las alas del deseo/Cielo sobre Berlín (1987. Premios al mejor director en el Festival de Cannes de 1987 y de la Academia Europea de Cine en 1988). El amigo americano (1976) y París, Texas (1984. Palma de Oro a la mejor película en el Festival de Cannes de 1984) se cuentan también entre sus mejores obras, en tanto que en el documental Relámpago sobre el agua (1979) y en Más allá de las nubes (1994) colabora, respectivamente, con dos de sus cineastas más admirados: el norteamericano Nicholas Ray y el italiano Michelangelo Antonioni. Tan lejos y tan cerca (1993) lo acerca a nueva generación de cinéfilos, quienes han seguido su trayectoria en obras como Historia de Lisboa (1994) y el documental Buena Vista Social Club (1999). 
546 |a En español e inglés, con subtítulos opcionales: español, francés 
546 |a Doblaje opcional: francés 
586 |a Premio Spirit, del Cine Independiente Norteamericano (13°: 1998): Mejor Dirección (finalista: Wim Wenders) 
649 |a XX 
650 |a Películas Policíacas 
650 |a Cine en el Cine 
650 |a Cine en Inglés -  |z Alemania 
650 |a Cine Alemán -  |y 1990-1999 
650 |a Cine Alemán -  |y Siglo XX 
650 |a Cine Norteamericano -  |x Industria y Comercio 
650 |a Violencia en el Cine 
650 |a Problemas Sociales 
650 |a Los Angeles, EUA en el Cine 
650 |a EUA en el Cine 
740 3 |a El fin de la violencia :  |b Full Screen = The End of Violence : Full Screen /  |c Realización de W. Wenders. 
700 |a Klein, Nicholas  |e (guión) 
700 |a Rabaud, Pascal  |e (fotógrafo) 
700 |a Przygodda, Peter  |e (montaje) 
700 |a Cooder, Ry  |e (música) 
700 |a Pullman, Bill  |e (actuación) 
700 |a MacDowell, Andie  |e (actuación) 
700 |a Byrne, Gabriel  |e (actuación) 
910 |a Fondo General 
920 |a Audiovisuales - DVDs 
940 |a Películas 
905 |a 302 
901 |a 0500183715  |b IT2  |c DVS  |i C116018  |u 20250521 
901 |a 0500183718  |b IT2  |c MIN  |u 20251020 
902 |a https://opac.biblio.iteso.mx/vufind/Record/000312051